| Tag |
First Indicator |
Second Indicator |
Subfields |
| LEADER |
00000cas a2200000L 4500 |
| 001 |
in00000043022 |
| 005 |
20151007064959.0 |
| 008 |
750824c1uuu9999iluax 0uuua0eng d |
| 010 |
|
|
|a 62012426
|
| 022 |
|
|
|a 0071-5670
|
| 035 |
|
|
|a (OCoLC)01569340
|
| 035 |
|
|
|9 AAE1016AM
|
| 040 |
|
|
|a MUL
|c MUL
|d TXA
|d UtOrBLW
|
| 049 |
|
|
|a TXAE
|
| 082 |
0 |
|
|a 629.287
|
| 090 |
|
|
|a TL215.C5
|b F5
|
| 245 |
0 |
0 |
|a Fix your Chevrolet.
|
| 264 |
|
1 |
|a [Chicago] :
|b Goodheart-Willcox Co.
|
| 300 |
|
|
|a volumes :
|b illustrations ;
|c 23 cm.
|a annual (irregular)
|
| 336 |
|
|
|a text
|b txt
|2 rdacontent
|
| 337 |
|
|
|a unmediated
|b n
|2 rdamedia
|
| 338 |
|
|
|a volume
|b nc
|2 rdacarrier
|
| 515 |
|
|
|a Vols. for cover models from 1940.
|
| 500 |
|
|
|a Volumes for by B. Toboldt.
|
| 650 |
|
0 |
|a Chevrolet automobile.
|
| 700 |
1 |
|
|a Toboldt, William King,
|d 1895-
|
| 999 |
|
|
|a MARS
|
| 999 |
f |
f |
|s eba437d6-cd22-3851-9974-c51cd47f30e2
|i 90baa670-7477-3f2e-bb86-1347b36835f8
|t 0
|
| 952 |
f |
f |
|p ric
|a Texas A&M University
|b Rellis Campus
|c Joint Library Facility
|d Remote Storage
|t 0
|e TL215.C5 F5
|h Library of Congress classification
|i unmediated -- volume
|l 1976
|m A14842166739
|
| 952 |
f |
f |
|p ric
|a Texas A&M University
|b Rellis Campus
|c Joint Library Facility
|d Remote Storage
|t 0
|e TL215.C5 F5
|h Library of Congress classification
|i unmediated -- volume
|l 1978
|m A14842166721
|
| 998 |
f |
f |
|a TL215.C5 F5
|s 1976-1978
|t 0
|l Remote Storage
|